| 000 | 01762nam0a22003251 4500 | ||
|---|---|---|---|
| 001 | v19\rc\1678629 | ||
| 005 | 20260406101004.0 | ||
| 035 | _a(NLR Aleph) 004784932 | ||
| 090 |
_a4688155 _c4688155 |
||
| 100 | _a20061002d1895 u y0rusy50 ca | ||
| 101 | 0 | _arus | |
| 102 | _aRU | ||
| 105 | _ay z ||||| | ||
| 200 | 1 |
_aРазличие в микроскопических картинах легких новорожденных детей: а) дышавших, б) недышавших, в) наполненных воздухом чрез искусственное вдувание и г) раздутых гнилостными газами _eДис. на степ. д-ра мед. Сергея Васильевича Виноградского _fИз Судебно-мед. лаб. акад. Н.П. Ивановского |
|
| 210 |
_aСанкт-Петербург _cтип. А.С. Хомского _d1895 |
||
| 215 |
_a32, [7] с. _d23 |
||
| 225 | 1 |
_aСерия диссертаций, допущенных к защите в Императорской Военно-медицинской академии в 1895-1896 учебном году _v№ 15 |
|
| 320 | _aБиблиогр.: 57 назв. | ||
| 700 | 1 |
_7ca _8rus _aВиноградский _bС. В. _f1859-1931 _gСергей Васильевич _3RU\NLR\AUTH\770289539 _92695554 |
|
| 702 | 1 |
_4570 _7ca _8rus _aИвановский _bН. П. _f1843-1912 _gНиколай Петрович _9222675 _3RU\NLR\AUTH\770222731 |
|
| 801 | 0 |
_aRU _bNLR _gpsbo |
|
| 801 | 0 |
_aRU _bRuMoRGB _2psbo |
|
| 801 | 1 |
_aRU _bProSoft-M _2rusmarc |
|
| 852 |
_aNLR _j18.309.6.844 |
||
| 899 |
_aRuMoRGB _jA 238/1178 |
||
| 899 |
_aRuMoRGB _jA 158/1157 |
||
| 899 |
_aRuMoRGB _jA 158/1165 |
||
| 899 | _aБАН | ||
| 942 | _cBOOK | ||
| 980 | _aNB | ||